[Event "Main Vogelsberg Seniors-ch 1st"]
[Site "Grossauheim"]
[Date "2006.03.02"]
[Round "1"]
[White "Pliss, Viktor"]
[Black "Bergmann, Alwin"]
[Result "1-0"]
[WhiteElo "1724"]
[BlackElo "1318"]
[PlyCount "45"]
[EventDate "2006.03.02"]
[EventType "swiss"]
[EventRounds "7"]
[EventCountry "GER"]
[SourceTitle "EXT 2007"]
[Source "ChessBase"]
[SourceDate "2006.11.23"]
[SourceVersion "1"]
[SourceVersionDate "2006.11.23"]
[SourceQuality "1"]

1. e4 e5 2. f4 exf4 3. Nf3 d6 4. Bc4 Bg4 5. 0-0 g6 6. d4 Bg7 7. Bxf4 Nf6 8. Nc3 0-0 9. h3 Bxf3 10. Qxf3 c6 11. Bg5 h6 12. Bxf6 Bxf6 13. Qxf6 Qxf6 14. Rxf6 d5 15. exd5 Nd7 16. Rf3 Rae8 17. dxc6 bxc6 18. Raf1 Re7 19. d5 Ne5 20. Rf4 Nxc4 21. Rxc4 cxd5 22. Nxd5 Rd7 23. Nf6+ 1-0